| 000 | 00625nam a2200217 a 4500 | ||
|---|---|---|---|
| 008 | |||
| 020 | _a1897963009 (pbk.) | ||
| 049 | _aMAIN | ||
| 090 | _aHD311 | ||
| 100 | 1 | _aConnor, Anne | |
| 245 | 1 | 0 |
_aMonitoring ourselves / _cby Anne Connor ; illustrated by Steve Simpson. |
| 260 |
_aLondon : _bCharities Evaluation Services, _c1993. |
||
| 300 |
_a55 p. : _bill. ; _c21 cm. |
||
| 440 | _aEvaluating ourselves. | ||
| 650 | 1 | _aSelf-evaluation. | |
| 907 |
_a.b10086043 _b18-08-03 _c18-08-03 |
||
| 003 | |||
| 005 | 20230123133359.0 | ||
| 040 | _cNUST | ||
| 942 |
_cBOOKS _kHD311 |
||
| 999 |
_c147613 _d147613 |
||